000 00471nam a22001937a 4500
003 MPLRDC
005 20220104143648.0
008 210129b ||||| |||| 00| 0 eng d
020 _a7-80145-217-8
082 _a785.72 BORG
100 _aBORGES
245 _a博尔赫斯七席谈
_c林一安 译
250 _a一版一刷
260 _a
_b光明日报
_c2000
300 _b
490 _a光明译丛
650 _a阿根廷传记
942 _cBK
_o785.72 BORG
999 _c42102
_d42092